000 00706nam a2200253Ia 4500
003 OSt
005 20220928111133.0
006 a|||||r|||| 00| 0
007 ta
008 220927b |||||||| |||| 00| 0 eng d
020 _cINR 399.00
024 _a133088
037 _b0277, 08/03/2017, Bookwell Publications
_cTextual
040 _aSDCL
_cSDCL
_beng
041 _2eng
_aeng
082 _aO-,3, M6 LR
100 _aUris Leon
_9421664
245 0 _aExodus
260 _aNew York
_b Bantam Books
_c1986
300 _a599p.
_ccm.
650 _aReference
942 _hO-,3, M6 LR
_cTEXL
_2CC
999 _c737966
_d737966